Joey Diaz Breakfast Quiz - Statistics

General Stats
  • This quiz has been taken 6 times
  • The average score is 9 of 16
Answer Stats
Hint Answer % Correct
What is the $15 Chocolate Bar called? Moon
100%
How many ounces in a typical Joey Diaz coke? 16
75%
How many Cokes could he drink for breakfast? 2
75%
I used to open up with _____ ______ ___ _____ Cream Cheese and Jelly
75%
How heavy was Joey Diaz? 418
50%
It's ______ Bread Italian
50%
With ______ ______ __ _________ in it Little Pieces of Chocolate
50%
Whole Pack of _____ _____ Center Cut Bacon Oscar Meyer
50%
What do they do at a Tibetan Sky Funeral? They... Pick You Apart
50%
What kind of roll does he like? _____ ____ Roll Poppy Seed
50%
The Deli is called _____ _____ Royal Crown
50%
Where is the Deli? Staten Island
50%
A _____ __ ______ Stick of Butter
50%
Where was his wife from? The South
50%
How many eggs? Three
50%
Half a loaf of _____ _____ Wonder Bread
50%
No matching quizzes found
Score Distribution
Percent of People with Each Score
Percentile by Number Answered
Your Score History
You have not taken this quiz